| 000 | 01099cam a2200289 i 4500 | ||
|---|---|---|---|
| 001 | 3666859 | ||
| 005 | 20090518100456.0 | ||
| 008 | 771118s1978 mau | b 001 0 eng d | ||
| 010 | _a 77025120 | ||
| 020 | _a0316770086 : | ||
| 040 |
_aDLC _cDLC _dDLC |
||
| 043 |
_an------ _as------ |
||
| 050 | 0 | 0 |
_aE29.A1 _bS26 |
| 082 | 0 | 0 |
_a305.800973 _bSAN _222 |
| 100 | 1 |
_aSanders, Ronald, _dd. 1991. _910400 |
|
| 245 | 1 | 0 |
_aLost Tribes and Promised Lands : _bThe Origins of American Racism / _cBy Ronald Sanders |
| 260 |
_aBoston : _bLittle, Brown, 1978 _cc1978. |
||
| 300 |
_a 443 p. ; _c24 cm. |
||
| 500 | _aDonated by: Alaa Abdel Ghany | ||
| 504 | _aIncludes bibliographical references and index | ||
| 650 | 0 |
_aRacism _zAmerica _xHistory. _910401 |
|
| 650 | 0 |
_aIndians _xFirst contact with Europeans. _910402 |
|
| 651 | 0 |
_aAmerica _xRace relations. _910403 |
|
| 651 | 0 |
_aAmerica _xDiscovery and exploration. _910404 |
|
| 942 |
_2ddc _cBB |
||
| 999 |
_c13146 _d13146 |
||